[Event "Quartet k 458 "The Hunt""]
[Site "http://www.queenalice.com/game.php?id=1311983"]
[Date "2014.10.2"]
[Round "-"]
[White "q_u_i_n_t_e_t"]
[Black "ernesto_che"]
[Result "1/2-1/2"]
[WhiteElo "2178"]
[BlackElo "1994"]

1. e4 d5 2. exd5 Nf6 3. c4 c6 4. d4 cxd5 5. c5 e5 6. Nf3 exd4 7. Qxd4 Nc6 8. Bb5
Be7 9. O-O O-O 10. Bxc6 bxc6 11. b4 a5 12. a3 axb4 13. axb4 Ba6 14. Re1 Ne4 15.
Bf4 Re8 16. Be5 f6 17. Bf4 g5 18. Bd2 g4 19. Nh4 f5 20. Rxe4 fxe4 21. Bc3 Bf6
22. Qxf6 Qxf6 23. Bxf6 Bd3 24. Nd2 Rxa1+ 25. Bxa1 e3 26. fxe3 Rxe3 27. Bc3 Re1+
28. Kf2 Re2+ 29. Kg3 d4 30. Bxd4 Rxd2 31. Be5 h5 32. Kf4 Kf7 33. Kg5 Bf1 34. Bf4
Rd5+ 35. Kh6 Kf6 36. Be3 Ba6 37. Bd2 Rxd2 1/2-1/2

[Event "Lavazza"]
[Site "http://www.queenalice.com/game.php?id=1320541"]
[Date "2014.11.5"]
[Round "-"]
[White "ernesto_che"]
[Black "favazza2007"]
[Result "1/2-1/2"]
[WhiteElo "2006"]
[BlackElo "1933"]

1. e4 d5 2. exd5 Qxd5 3. Nc3 Qd8 4. Bc4 e6 5. d4 Nf6 6. Nf3 Be7 7. O-O O-O 8.
Qe2 Nbd7 9. Re1 a6 10. Bxe6 fxe6 11. Qxe6+ Kh8 12. Qxe7 Qxe7 13. Rxe7 h6 14. Bd2
c6 15. Rae1 b5 16. Nh4 Kh7 17. Nf5 Rg8 18. Nxh6 Rf8 19. Nf5 Nh5 20. Nd6 Ndf6 21.
Nce4 Nxe4 22. Nxe4 Bf5 23. Ng5+ Kg6 24. c3 Nf6 25. f3 Nd5 26. R1e5 Nxe7 27. Rxe7
Rae8 28. Rxe8 Rxe8 29. g4 Bd3 30. Nh3 Bb1 31. Nf4+ Kf7 32. a3 Ba2 33. Kf2 Bc4
34. h4 g6 35. Kg3 Rd8 36. h5 gxh5 37. Nxh5 Re8 38. Nf4 Rd8 39. Nh3 1/2-1/2

[Event "Fammi una spagnola"]
[Site "http://www.queenalice.com/game.php?id=1320902"]
[Date "2014.11.7"]
[Round "-"]
[White "ernesto_che"]
[Black "q_u_i_n_t_e_t"]
[Result "1-0"]
[WhiteElo "2003"]
[BlackElo "2177"]

1. e4 e5 2. Nf3 Nc6 3. Bb5 Nge7 4. Nc3 a6 5. Ba4 b5 6. Bb3 h6 7. O-O Ng6 8. d4
exd4 9. Nxd4 Nxd4 10. Qxd4 c5 11. Qd5 c4 12. Qxa8 cxb3 13. axb3 Bc5 14. Re1 O-O
15. Be3 Bb4 16. Rad1 Ne5 17. Qb8 Re8 18. Re2 Bxc3 19. bxc3 Nc6 20. Qg3 Re6 21.
Red2 Rg6 22. Qf4 Rf6 23. Qh4 Qa5 24. b4 Qd8 25. Rd6 Rxd6 26. Qxd8+ Nxd8 27. Rxd6
Nc6 28. Kf1 Kf8 29. Bc5 Ke8 30. Ke2 Ne5 31. Bd4 Nc4 32. Rd5 Bb7 33. Rc5 f6 34.
f3 Bc6 35. e5 fxe5 36. Bxe5 Kf7 37. Bd4 g6 38. h4 h5 39. g4 hxg4 40. fxg4 Kg8
41. h5 Kh7 42. Kd3 gxh5 43. gxh5 Bf3 44. Rc7 1-0

[Event "AUTO-ADV-3299"]
[Site "http://www.queenalice.com/game.php?id=1324881"]
[Date "2014.11.28"]
[Round "1"]
[White "ernesto_che"]
[Black "ebpap123"]
[Result "1-0"]
[WhiteElo "2025"]
[BlackElo "1788"]

1. e4 c5 2. Nf3 e6 3. d4 cxd4 4. Nxd4 Nc6 5. Nc3 a6 6. g3 Nf6 7. Bg2 Qc7 8. O-O
d6 9. Re1 Be7 10. a3 b5 11. Nxc6 Bb7 12. Nxe7 Qxe7 13. Nd5 Nxd5 14. exd5 e5 15.
f4 f6 16. fxe5 dxe5 17. Qd3 Qd6 18. b3 Rd8 19. c4 O-O 20. Be3 bxc4 21. bxc4 f5
22. c5 Qd7 23. d6 Bxg2 24. Kxg2 Qc6+ 25. Kg1 e4 26. Qc4+ Kh8 27. Red1 Rf7 28.
Qxf7 1-0

[Event "AUTO-ADV-3299"]
[Site "http://www.queenalice.com/game.php?id=1324882"]
[Date "2014.11.28"]
[Round "1"]
[White "ebpap123"]
[Black "ernesto_che"]
[Result "0-1"]
[WhiteElo "1777"]
[BlackElo "2032"]

1. e4 d5 2. exd5 Nf6 3. Nc3 Nxd5 4. Nxd5 Qxd5 5. c4 Qe4+ 6. Qe2 Qxe2+ 7. Bxe2 e5
8. d3 Bc5 9. Nf3 Nc6 10. a3 O-O 11. b4 Be7 12. O-O f6 13. Bb2 b6 14. Rfd1 Bb7
15. h3 Nd8 16. Nd2 Ne6 17. Bf3 Bxf3 18. Nxf3 Rfd8 19. Rd2 a5 20. bxa5 Rxa5 21.
Rdd1 Rda8 22. Nd2 Bxa3 23. Bc3 Bb4 24. Rxa5 Bxa5 25. Bxa5 bxa5 26. Ra1 Nf4 27.
Ra3 Ne2+ 28. Kf1 Nf4 29. h4 Kf7 30. g3 Ne6 31. Ra4 Nc5 32. Ra3 a4 33. Ke1 Rd8
34. Ke2 f5 35. Nf3 Kf6 36. Ne1 e4 37. dxe4 Nxe4 38. Ke3 Ra8 39. Nd3 Nd6 40. Kd4
Ne4 41. Ke3 h6 42. Nf4 Ke5 43. Ne2 g5 44. hxg5 hxg5 45. f3 Nxg3 46. Nxg3 f4+ 47.
Kf2 fxg3+ 48. Kxg3 Kf5 49. c5 c6 50. Kg2 Ke5 51. Kg3 Kd5 52. Kg4 Kxc5 53. Kxg5
Kb4 54. Re3 a3 55. Re4+ Kb5 0-1

[Event "AUTO-ADV-3299"]
[Site "http://www.queenalice.com/game.php?id=1324883"]
[Date "2014.11.28"]
[Round "1"]
[White "ernesto_che"]
[Black "tango2011"]
[Result "1-0"]
[WhiteElo "2018"]
[BlackElo "1668"]

1. e4 c5 2. Nf3 d6 3. d4 cxd4 4. Nxd4 e6 5. Nc3 e5 6. Bb5+ Bd7 7. Nf5 Bc6 8. O-O
g6 9. Ne3 Nf6 10. Ned5 Bxb5 11. Nxb5 Na6 12. Bg5 Bg7 13. Qf3 O-O 14. Nxf6+ Bxf6
15. Qxf6 Qxf6 16. Bxf6 Rfc8 17. Nxd6 Rc7 18. c3 b6 19. Bxe5 Re7 20. Bf6 Re6 21.
e5 Nc5 22. Rad1 1-0

[Event "AUTO-ADV-3299"]
[Site "http://www.queenalice.com/game.php?id=1324884"]
[Date "2014.11.28"]
[Round "1"]
[White "tango2011"]
[Black "ernesto_che"]
[Result "0-1"]
[WhiteElo "1681"]
[BlackElo "2021"]

1. d4 d5 2. e3 Nf6 3. Nf3 Bg4 4. Be2 Nc6 5. h3 Bf5 6. O-O a6 7. b3 e6 8. c4 Be7
9. c5 Ne4 10. Bb2 O-O 11. Bd3 b6 12. Ba3 bxc5 13. Bxe4 Bxe4 14. Nbd2 Bd3 15. Re1
cxd4 16. Bxe7 Qxe7 17. exd4 Qb4 18. a3 Qb6 19. Ne5 Nxe5 20. Rxe5 Qxd4 21. Re3
Bg6 22. Nf3 Qb6 23. Ne5 Qd6 24. Rc1 Be4 25. Nc6 Qxa3 26. Ne5 f6 27. Nc6 a5 28.
b4 Qb2 29. bxa5 Qb5 30. Ne7+ Kh8 31. Rxc7 Qxa5 32. Rec3 Qa1 33. Rc1 Qb2 34. f3
Ra2 35. Qf1 Bd3 36. Ng6+ hxg6 37. Qxd3 Qxg2# 0-1

[Event "AUTO-MASTER-2200"]
[Site "http://www.queenalice.com/game.php?id=1324949"]
[Date "2014.11.28"]
[Round "1"]
[White "attachui"]
[Black "ernesto_che"]
[Result "0-1"]
[WhiteElo "1868"]
[BlackElo "2081"]

1. d4 d5 2. c4 e5 3. dxe5 d4 4. Nf3 Nc6 5. g3 Bf5 6. Bg2 Qd7 7. O-O O-O-O 8. Nh4
Bh3 9. f4 Bxg2 10. Kxg2 f6 11. Nf3 fxe5 12. fxe5 Nge7 13. Bg5 h6 14. Bxe7 Bxe7
15. a3 g5 16. Qa4 Rhe8 17. b4 Qe6 18. b5 Nxe5 19. Qxa7 Nxc4 20. Rf2 Ne3+ 21. Kg1
d3 22. Nd4 Rxd4 23. Qxd4 Nc2 24. Qxd3 Nxa1 25. Rf3 Rd8 26. Qh7 Bc5+ 27. e3 Rd1+
28. Kg2 Qa2+ 29. Rf2 Qxb1 30. Qh8+ Rd8 31. Qe5 Nb3 32. Rb2 Qd3 33. Qe6+ Qd7 34.
Qxd7+ Rxd7 35. Rxb3 Rd2+ 36. Kf3 Rxh2 37. Rc3 Bd6 38. e4 Kd7 39. a4 h5 40. Rd3
Ke6 41. Rd5 g4+ 42. Ke3 Bxg3 43. a5 h4 44. Rg5 Bf2+ 45. Kf4 g3 46. Kf3 Be1 47.
a6 bxa6 48. bxa6 Rf2+ 49. Kg4 Ra2 50. Kxh4 Rxa6 51. Rg6+ Ke5 52. Rg5+ Kxe4 53.
Kh3 Rh6+ 54. Kg2 Rh2+ 55. Kf1 g2+ 56. Kg1 Bd2 57. Rg7 Bf4 58. Rg4 Kf3 59. Rg3+
Ke2 0-1

[Event "AUTO-MASTER-2200"]
[Site "http://www.queenalice.com/game.php?id=1324950"]
[Date "2014.11.28"]
[Round "1"]
[White "ernesto_che"]
[Black "attachui"]
[Result "1-0"]
[WhiteElo "2086"]
[BlackElo "2119"]

1. e4 c5 2. Nf3 d6 3. Bb5+ Nc6 4. O-O Bd7 5. c3 a6 6. Be2 g6 7. d4 cxd4 8. cxd4
Bg7 9. Nc3 e6 10. Bf4 e5 11. Be3 Nf6 12. d5 Ne7 13. a4 O-O 14. Nd2 Ne8 15. Nc4
Nc8 16. a5 b5 17. Nb6 Rb8 18. Nxd7 Qxd7 19. Na2 f5 20. Nb4 f4 21. Bg4 Qb7 22.
Bd2 Nf6 23. Be6+ Kh8 24. Qc2 Ne7 25. Rac1 Nd7 26. Nc6 Rbc8 27. b4 g5 28. Qd3
Nxc6 29. dxc6 Rxc6 30. Bd5 Rfc8 31. Bxc6 Rxc6 32. Qd5 Nb8 33. Rc3 Qd7 34. Rfc1
Rxc3 35. Rxc3 Bf6 36. Qa8 Qd8 37. Qa7 Nd7 38. Qxa6 Kg7 39. Qxb5 Nf8 40. a6 d5
41. Qb7+ Kg6 42. a7 dxe4 43. a8=Q Qxd2 44. Qe8+ 1-0

[Event "AUTO-MASTER-2200"]
[Site "http://www.queenalice.com/game.php?id=1324967"]
[Date "2014.11.28"]
[Round "1"]
[White "ernesto_che"]
[Black "zhiii00"]
[Result "0-1"]
[WhiteElo "2026"]
[BlackElo "2230"]

1. e4 c6 2. d4 d5 3. e5 Bf5 4. Nc3 e6 5. g4 Bg6 6. Nge2 c5 7. h4 h5 8. Nf4 Bh7
9. Nxh5 Nc6 10. dxc5 Qa5 11. a3 Qxc5 12. Bf4 Nge7 13. Bd3 Bxd3 14. Qxd3 Ng6 15.
O-O-O O-O-O 16. Qg3 Kb8 17. Be3 d4 18. Ne4 Qxe5 19. Qxe5+ Ngxe5 20. Bf4 Kc8 0-1

[Event "AUTO-MASTER-2200"]
[Site "http://www.queenalice.com/game.php?id=1324968"]
[Date "2014.11.28"]
[Round "1"]
[White "zhiii00"]
[Black "ernesto_che"]
[Result "1-0"]
[WhiteElo "2244"]
[BlackElo "2020"]

1. d4 d5 2. c4 e5 3. dxe5 d4 4. Nf3 Nc6 5. g3 Bf5 6. a3 Be7 7. b4 a6 8. Bb2 Qd7
9. Bg2 Rd8 10. O-O f6 11. exf6 Bxf6 12. Nbd2 Nge7 13. Re1 O-O 14. Qb3 Kh8 15.
Rad1 Bg6 16. e4 dxe3 17. Rxe3 Nf5 18. Ree1 Nfd4 19. Nxd4 Bxd4 20. Nf3 Qf7 21.
Rd2 Ba7 22. Red1 Rxd2 23. Rxd2 Re8 24. Qc3 1-0

[Event "AUTO-ADV-3299"]
[Site "http://www.queenalice.com/game.php?id=1345848"]
[Date "2015.3.5"]
[Round "2"]
[White "ernesto_che"]
[Black "leoreis"]
[Result "1-0"]
[WhiteElo "2053"]
[BlackElo "2004"]

1. e4 e5 2. Nf3 Nc6 3. Bb5 d6 4. d4 Bd7 5. O-O a6 6. Bxc6 Bxc6 7. Nc3 exd4 8.
Nxd4 Nf6 9. Re1 Be7 10. Bg5 O-O 11. Nf5 h6 12. Bh4 Re8 13. Qd4 Kh7 14. Nd5 g5
15. Ndxe7 Bd7 16. Qxf6 1-0

[Event "AUTO-ADV-3299"]
[Site "http://www.queenalice.com/game.php?id=1345850"]
[Date "2015.3.5"]
[Round "2"]
[White "ernesto_che"]
[Black "rmvwoods"]
[Result "1-0"]
[WhiteElo "2067"]
[BlackElo "2057"]

1. e4 c5 2. Nf3 d6 3. d4 cxd4 4. Nxd4 Nf6 5. Nc3 a6 6. Be3 e6 7. g4 h6 8. f4 e5
9. Nf5 Bxf5 10. exf5 Nc6 11. Qe2 Be7 12. O-O-O Qc7 13. h4 O-O-O 14. g5 Nd7 15.
Nd5 Qb8 16. fxe5 dxe5 17. Qc4 Bd6 18. Nb6+ Kc7 19. Qxf7 Rhf8 20. Qxg7 Ne7 21.
Nxd7 Kxd7 22. Qxe5 Kc8 23. Qc3+ Qc7 24. Qb3 Bf4 25. Bh3 Bxe3+ 26. Kb1 Kb8 27.
Qxe3 Nxf5 28. Rxd8+ Qxd8 29. Bxf5 Rxf5 30. gxh6 Rh5 31. Qg3+ Ka8 32. Qg7 Rxh4
33. Qg1 Rxh1 34. Qxh1 Qh8 35. h7 Ka7 36. Qg1+ 1-0

[Event "AUTO-ADV-3299"]
[Site "http://www.queenalice.com/game.php?id=1345851"]
[Date "2015.3.5"]
[Round "2"]
[White "rmvwoods"]
[Black "ernesto_che"]
[Result "0-1"]
[WhiteElo "2041"]
[BlackElo "2083"]

1. e4 d5 2. exd5 Nf6 3. Bb5+ Bd7 4. Bc4 Bf5 5. Nc3 Nbd7 6. d3 Nb6 7. Qf3 Nxc4 8.
dxc4 e6 9. dxe6 Bxe6 10. Nge2 c6 11. b3 Be7 12. Bb2 O-O 13. O-O Qc7 14. Rad1
Rad8 15. h3 h5 16. Ne4 Nxe4 17. Qxe4 Qa5 18. a4 Qg5 19. Qf3 Bf5 20. Nd4 Bh7 21.
Qc3 Bf6 22. Qd2 Qxd2 23. Rxd2 c5 24. Nf3 Bxb2 25. Rfd1 Bf6 26. Ne1 Rxd2 27. Rxd2
Re8 28. Nd3 Bd4 29. Kh2 Bc3 30. Rd1 b6 31. g4 Bxd3 32. cxd3 hxg4 33. hxg4 Re2
34. Kg3 Rb2 0-1

[Event "Ti mollo un po' di punti"]
[Site "http://www.queenalice.com/game.php?id=1348081"]
[Date "2015.3.17"]
[Round "-"]
[White "ernesto_che"]
[Black "favazza2007"]
[Result "1-0"]
[WhiteElo "2097"]
[BlackElo "1883"]

1. e4 d5 2. exd5 Qxd5 3. Nc3 Qd8 4. Bc4 e6 5. d4 Nf6 6. Nf3 Be7 7. O-O O-O 8. a3
a6 9. b4 b5 10. Ba2 Bb7 11. Qd3 Bd5 12. Nxd5 Nxd5 13. Bb2 Nd7 14. Rac1 N7b6 15.
Ne5 Qd6 16. c4 bxc4 17. Nxc4 Nxc4 18. Rxc4 Nf4 19. Qe4 Nd5 20. Rfc1 Ra7 21. Bb1
f5 22. Qe1 Rf6 23. Rc6 Qd7 24. Qe2 Bd6 25. Rxa6 Rxa6 26. Qxa6 Rh6 27. g3 Qe8 28.
b5 Nb6 29. Qb7 Qxb5 30. Ba1 Qd5 31. Qxd5 Nxd5 32. a4 Nb4 33. a5 Rf6 34. d5 e5
35. f4 exf4 36. Bxf6 gxf6 37. gxf4 Nxd5 38. Ba2 Bxf4 39. Bxd5+ Kf8 40. Rc3 Bd2
41. Ra3 Bb4 42. Ra4 Bc5+ 43. Kg2 Ke7 44. a6 Kd6 45. a7 Bxa7 46. Rxa7 Kxd5 47.
Rxc7 f4 48. Rxh7 Ke4 49. Re7+ Kf5 50. Kf3 Kg5 51. h4+ Kxh4 52. Kxf4 Kh5 53. Rg7
Kh6 54. Rg1 Kh7 55. Kf5 Kh8 56. Kxf6 Kh7 57. Rg2 Kh8 58. Kf7 Kh7 59. Rh2# 1-0

[Event "First Game"]
[Site "http://www.queenalice.com/game.php?id=1354659"]
[Date "2015.4.20"]
[Round "-"]
[White "ernesto_che"]
[Black "Paulobraz"]
[Result "1/2-1/2"]
[WhiteElo "2093"]
[BlackElo "1920"]

1. e4 d6 2. d4 Nf6 3. Nc3 g6 4. f4 e5 5. Nf3 exd4 6. Nxd4 Bg7 7. Bc4 c5 8. Nb3
Bg4 9. Qd3 O-O 10. O-O Nc6 11. a3 a6 12. Nd5 Re8 13. Nxf6+ Bxf6 14. h3 Bc8 15.
Rd1 Be7 16. Be3 Rb8 17. Qd2 Bh4 18. e5 dxe5 19. Qxd8 Nxd8 20. Nxc5 exf4 21. Bxf4
Ra8 22. Rd2 Nc6 23. Rad1 Bf5 24. Nxb7 Be7 25. Nd6 Bxd6 26. Rxd6 Rac8 27. c3 a5
28. Bb5 Be4 29. Bxc6 Bxc6 30. Rc1 Re2 31. Rd2 Rxd2 32. Bxd2 Re8 33. b4 axb4 34.
cxb4 1/2-1/2

[Event "2° Game"]
[Site "http://www.queenalice.com/game.php?id=1354660"]
[Date "2015.4.20"]
[Round "-"]
[White "Paulobraz"]
[Black "ernesto_che"]
[Result "1/2-1/2"]
[WhiteElo "1823"]
[BlackElo "2103"]

1. e4 d5 2. d4 dxe4 3. Nc3 e5 4. d5 Nf6 5. Bg5 Bb4 6. Qd2 Qxd5 7. Qxd5 Nxd5 8.
O-O-O c6 9. Nxd5 cxd5 10. Rxd5 Nc6 11. Bb5 f6 12. Bh4 O-O 13. Ne2 Be6 14. Rdd1
Rad8 15. c3 Ba5 16. b4 Bb6 17. a3 Bb3 18. Rd2 e3 19. Rxd8 Rxd8 20. fxe3 Bxe3+
21. Kb2 Bf7 22. Ng3 Rd2+ 23. Kb1 Bg6+ 24. Ka1 Rxg2 1/2-1/2